LEADER 00516nam a2200169 i 4500 001 000000162440 003 CaOOAMICUS 005 20070623000000.0 008 070623n it u000 u ita u 013 $a139804 040 $aSeMil$bita 245 10$aVol. 2. 300 $aXIII, 899 p. :$bill. 773 0 $tNovelliere.$dFirenze : Sansoni, copyr. 1973.$w()18042 850 $aSeMil 852 $aSeMil$W1$xVenegono$y1$m1D II 25$j113784$B113784$CSeMilBibl$Z2$F124473 $81 996 $6245$aVol. 2$9(OLS)http://semarc/title/13458 LEADER 00862nam a2200217 i 4500 001 000000066605 003 CaOOAMICUS 005 19990210000000.0 008 990210n it u000 u ita u 013 $a37777 020 $a8839923578 040 $aSeMil$bita 245 10$aTempo ordinario :$banno pari : settimana 23.-34. 300 $a475 p. 650 4$aAnno liturgico romano - Commenti.$0(OLS)http://semarc/subject/123 773 0 $aDella Torre, Luigi <1927-1996>$tCommento delle messe feriali.$dBrescia : Queriniana, copyr. 1991-copyr. 1994.$gVol.9$w()636 850 $aSeMil 852 $aSeMil$W1$xVenegono$y1$m3F VI 134$j32758$B32758$CSeMilBibl$Z2$F32761 $81 961 $aOmaggio: Donazione 996 $6020$a8839923578$9(OLS)http://semarc/number/44260 996 $6245$aTempo ordinario :$banno pari : settimana 23.-34$9(OLS)http://semarc/title/105947